Statistics for Beatles Lyrics

Click here to take the quiz!

General Stats

  • This quiz has been taken 67 times
  • The average score is 9 of 15

Answer Stats

LyricSong% Correct
Well the Ukraine girls really knock me out, they leave the west behindBack In The USSR
95%
These are words that go together wellMichelle
89%
Molly is the singer in a bandOb-La-Di, Ob-La-Da
84%
So I looked around and noticed there wasn't a chairNorwegian Wood (This Bird Has Flown)
75%
There's one for you, nineteen for meTaxman
75%
But of all these friends and lovers, there is no one compares with youIn My Life
72%
She said that living with me was bringing her downTicket To Ride
67%
Working for peanuts is all very fine, but I can show you a better timeDrive My Car
66%
I'm coming down fast but I'm miles above youHelter Skelter
64%
No one I think is in my treeStrawberry Fields Forever
59%
The doctor came in, stinking of ginRocky Raccoon
51%
Quando paramucho mi amore de felice carathonSun King
38%
Oh that magic feeling, nowhere to goYou Never Give Me Your Money
34%
The eagle picks my eye, the worm he licks my boneYer Blues
25%
I may appear to be imperfect, my love is something you can't rejectOld Brown Shoe
13%

Score Distribution

Percentile by Number Answered

Percent of People with Each Score

Your Score History

You have not taken this quiz